Cruisers of the Soviet Navy - Statistics

General Stats
  • This quiz has been taken 3 times
    2 since last reset
  • The average score is 11 of 84
Answer Stats
Class Type Hint Answer % Correct
Chapayev Light cruiser Scrapped in 1961 Frunze
100%
Admiral Nakhimov Light cruiser Renamed Hetman Bogdan Khmelnitsky in 1919, then Chervona Ukraina in 1922, sunk as a target ship on 30 October 1950 Admiral Nakhimov
50%
Sverdlov Light cruiser Scrapped in 1961 Admiral Nakhimov
50%
Kresta II Missile cruiser Scrapped in 1993 Admiral Nakhimov
50%
Chapayev Light cruiser Scrapped in 1980 Chapayev
50%
Slava Missile cruiser Renamed Varyag in 1995, currently in active service Chervona Ukraina
50%
Kirov Light cruiser Scrapped on 12 April 1963 Kalinin
50%
Kirov Light cruiser Scrapped on 22 February 1974 Kirov
50%
Chapayev Light cruiser Cancelled in July 1941 Lenin
50%
Slava Missile cruiser Originally named Admiral Lobov before completion, currently in active service Marshal Ustinov
50%
Kara Missile cruiser Scrapped in 1997 Petropavlovsk
50%
Kresta I Missile cruiser Scrapped in 1990 Sevastopol
50%
Slava Missile cruiser Cancelled in 1990 Sevastopol
50%
Slava Missile cruiser Renamed Moskva in 1995, sunk by Ukranian missiles on 14 April 2022 Slava
50%
Chapayev Light cruiser Cancelled in July 1941 Sverdlov
50%
Sverdlov Light cruiser Scrapped in October 1993 Sverdlov
50%
Svetlana Light cruiser Renamed Profintern in 1925, then Krasny Krym in 1939, scrapped in July 1959 Svetlana
50%
Sverdlov Light cruiser Cancelled in 1961 Varyag
50%
Kynda Missile cruiser Scrapped in April 1990 Varyag
50%
Slava Missile cruiser Cancelled in 1990 Varyag
50%
Svetlana Light cruiser Cancelled in 1952 Admiral Butakov
0%
Slava Missile cruiser Cancelled in 1990 Admiral Flota Sovetskogo Soyuza Gorshkov
0%
Kynda Missile cruiser Scrapped in 1995 Admiral Fokin
0%
Kynda Missile cruiser Scrapped in 2004 Admiral Golovko
0%
Svetlana Light cruiser Converted into an oil tanker and renamed Azneft, capsized on 23 December 1938 Admiral Greig
0%
Kresta II Missile cruiser Scrapped in 1993 Admiral Isachenkov
0%
Kresta II Missile cruiser Sold to India in 1993 and reclassified as an icebreaker, scrapped in 1994 Admiral Isakov
0%
Admiral Nakhimov Light cruiser Cancelled in 1922 Admiral Istomin
0%
Admiral Nakhimov Light cruiser Cancelled in 1922 Admiral Kornilov
0%
Sverdlov Light cruiser Cancelled in 1957 Admiral Kornilov
0%
Admiral Nakhimov Light cruiser Renamed Krasny Kavkaz in 1926, sunk as target ship on 21 November 1952 Admiral Lazarev
0%
Sverdlov Light cruiser Scrapped in 1991 Admiral Lazarev
0%
Kresta II Missile cruiser Scrapped in 1994 Admiral Makarov
0%
Kresta II Missile cruiser Scrapped in 1993 Admiral Oktyabrsky
0%
Sverdlov Light cruiser Scrapped in1992 Admiral Senyavin
0%
Svetlana Light cruiser Converted into an oil tanker and renamed Grozneft, then Groznyy, scrapped in 1965 Admiral Spiridov
0%
Sverdlov Light cruiser Scrapped in 1992 Admiral Ushakov
0%
Kresta II Missile cruiser Scrapped in 1994 Admiral Yumashev
0%
Kresta I Missile cruiser Scrapped in 1994 Admiral Zozulya
0%
Sverdlov Light cruiser Scrapped in October 1991 Aleksandr Nevsky
0%
Sverdlov Light cruiser Scrapped in November 1991 Aleksandr Suvorov
0%
Sverdlov Light cruiser Cancelled in 1961 Arkhangelsk
0%
Chapayev Light cruiser Cancelled in July 1941 Avrora
0%
Kara Missile cruiser Scrapped in 2000 Azov
0%
Chapayev Light cruiser Scrapped in 1980 Chkalov
0%
Sverdlov Light cruiser Scrapped in 1990 Dmitry Pozharsky
0%
Chapayev Light cruiser Cancelled in July 1941 Dzerzhinsky
0%
Sverdlov Light cruiser Scrapped in 1989 Dzerzhinsky
0%
Kynda Missile cruiser Scrapped in 1991 Groznyy
0%
Kirov Light cruiser Renamed Petropavlovsk in 1957, scrapped on 6 February 1960 Kaganovich
0%
Kara Missile cruiser Scrapped on 14 April 2020 Kerch
0%
Slava Missile cruiser Renamed Ukraina in 1993, currently docked unfinished Komsomolets
0%
Chapayev Light cruiser Cancelled in July 1941 Kotovsky
0%
Kresta II Missile cruiser Sold to India, reclassified as an icebreaker and scrapped in 1993 Kronshtadt
0%
Sverdlov Light cruiser Cancelled in 1961 Kronstadt
0%
Chapayev Light cruiser Scrapped in1965 Kuybyshev
0%
Chapayev Light cruiser Cancelled in July 1941 Lazo
0%
Kresta II Missile cruiser Scrapped in 1994 Marshal Timoshenko
0%
Kresta II Missile cruiser Renamed Khabarovsk in 1991, destroyed by a fire in 1992, wreck scrapped in 1994 Marshal Voroshilov
0%
Kirov Light cruiser Scrapped on 18 April 1959 Maxim Gorky
0%
Sverdlov Light cruiser Preserved as a museum ship since 28 July 2002 Mikhail Kutuzov
0%
Kirov Light cruiser Renamed Slava in 1957, scrapped 4 April 1972 Molotov
0%
Sverdlov Light cruiser Renamed Oktyabrskaya Revolutsiya on 3 August 1957, scrapped in 1990 Molotovsk
0%
Sverdlov Light cruiser Scrapped in 2013 Murmansk
0%
Kara Missile cruiser Scrapped in 1994 Nikolayev
0%
Kara Missile cruiser Currently awaiting scrapping Ochakov
0%
Slava Missile cruiser Cancelled before completion, scrapped in 1990 Oktyabrskaya Revolutsiya
0%
Chapayev Light cruiser Cancelled in July 1941 Ordzhinikidze
0%
Sverdlov Light cruiser Sold to the Indonesian Navy in 1962 and renamed Irian, scrapped in 1972 Ordzhonikidze
0%
Chapayev Light cruiser Cancelled in July 1941 Parkhomenko
0%
Chapayev Light cruiser Cancelled in July 1941 Shcherbakov
0%
Sverdlov Light cruiser Cancelled in 1961 Shcherbakov
0%
Chapayev Light cruiser Cancelled in July 1941 Shchors
0%
Sverdlov Light cruiser Cancelled in 1961 Tallinn
0%
Kara Missile cruiser Renamed Vladivostok in 1992, scrapped in 1996 Tallinn
0%
Kara Missile cruiser Scrapped in 1994 Tashkent
0%
Kresta II Missile cruiser Scrapped in 1994 Vasily Chapayev
0%
Kresta I Missile cruiser Sunk while on tow to be scrapped in March 1992 Vitse-Admiral Drozd
0%
Sverdlov Light cruiser Cancelled in 1961 Vladivostok
0%
Kresta I Missile cruiser Scrapped in January 1991 Vladivostok
0%
Kirov Light cruiser Scrapped on 2 March 1973 Voroshilov
0%
Chapayev Light cruiser Cancelled in July 1941 Zhdanov
0%
Sverdlov Light cruiser Scrapped in 1991 Zhdanov
0%
Chapayev Light cruiser Scrapped in 1977 Zheleznyakov
0%
No matching quizzes found
Score Distribution
Percent of People with Each Score
Percentile by Number Answered
Your Score History
You have not taken this quiz since the last reset